Responses for show #5790 - Friday, November 13, 2009

2009 Teen Tournament final game 2.

Contestants

[<< previous game]

Rachel Rothenberg, a senior from Pittsburgh, Pennsylvania (subtotal of $33,000)

Will Dantzler, a senior from Mount Pleasant, South Carolina (subtotal of $26,000)

Aidan Mehigan, a sophomore from McLean, Virginia (subtotal of $0)

[next game >>]

Jeopardy! Round responses

ON THE U.S. MAP
THIS FALL IN ENTERTAINMENT
WAKE UP!
BIBLICAL WOMEN
LET'S GO FOR A SWIM
GOOD ADVICE
    $200 15
Alaska

Rachel
    $200 16
King Kong

Aidan
    $200 26
crow

Aidan
    $200 2
Delilah

Will
    $200 21
crawl

Will
    $200 1
honesty

Rachel
    $400 14
(Rachel: What is Colorado?)

Nevada

WillRachel
    $400 17
Tonys

Rachel
    $400 27
hash browns

Rachel
    $400 3
Mary

Rachel
    $400 22
the butterfly

Aidan
    $400 7
what you can do today (what can be done today accepted)

Aidan
    $600 11
Arkansas

Rachel
    $600 18
Wile E. Coyote

Aidan
    $600 28
(Aidan: What is Good Morning America?)

the Today show

AidanRachel
    $1,000 4
(Rachel: Who is Leah?)

Eve

Rachel
    $600 23
the backstroke

Rachel
    $600 8
fish

Will
    $800 12
Arizona

Rachel
    $800 19
Joaquin Phoenix

Rachel
    $800 29
the dawn

Rachel
    $800 5
Sarah

Rachel
    $800 24
the breaststroke

Will
    $800 9
(Aidan: What is say never?)

give up

AidanRachel
    $1000 13
Mississippi

Aidan
    $1000 20
Tony Hawk

Will
    $1000 30
"Reveille"

Rachel
    $1000 6
Ruth

Will
    $1000 25
the sidestroke

Will
    $1000 10
goal

Rachel

Scores at the first commercial break (after clue 15):

Aidan Will Rachel
$600 $2,200 $3,400

Scores at the end of the Jeopardy! Round:

Aidan Will Rachel
$1,400 $5,200 $8,000

Double Jeopardy! Round responses

EXPEDITION WEEK
(Alex: ...which starts Sunday on the Nat. Geo. Channel.)
YOUNG ATHLETES
LITERARY TERMS
FOR MY FIRST CAR I'D LIKE...
LET'S PLAY ALGEBRA!
DOUBLE "E" WORDS
    $400 7
Japan

Aidan
    $400 6
Wimbledon

Rachel
    $400 1
protagonist

Will
    $400 17
Volkswagen

Rachel
    $400 16
12

Rachel
    $400 26
a seesaw

Rachel
    $800 8
the Amazon

Will
    $800 9
gymnastics

Will
    $800 2
iambic pentameter

Rachel
    $800 18
(Aidan: What is a Camaro?)

the Corvette

Aidan
Triple Stumper
    $800 20
3

Aidan
    $800 27
the Humvee

Will
    $2,500 13
the Cretaceous period

Rachel
    $1200 10
go-karts

Aidan
    $1200 3
an oxymoron

Aidan
    $1200 19
Jaguar

Will
    $1200 21
14 seconds

Will
    $1200 28
the spleen

Rachel
    $1600 14
astrobiologists

Aidan
    $1600 11
the U.S. Open (Women's Open)

Will
    $1600 4
onomatopoeia

Aidan
    $1600 23
a V8 engine

Rachel
    $1600 22
(0, 0)

Rachel
    $1600 29
a buccaneer

Will
    $2000 15
(Aidan: Who is Nero?)

Augustus (Caesar)

AidanWill
    $2000 12
the Babybacks

Rachel
    $2,000 5
hyperbole

Aidan
    $2000 24
Sweden

Rachel
    $2000 25
first, outer, inner, last

Aidan
    $2000 30
a creed

Will

Scores at the end of the Double Jeopardy! Round:

Aidan Will Rachel
$9,400 $17,600 $21,300

[wagering suggestions for these scores]

Final Jeopardy! Round responses

HISTORIC SPEECHES
(Alex: Those words are from the "Four Freedoms" State of the Union address delivered many, many years ago.)
...
(Alex: The speech was in 1941. The president was [*].)
AidanWho is Reagan?
$9,400
WillWho was Patrick Henry?
$12,000
RachelWho was FDR?
$9,500
Franklin Delano Roosevelt

Final scores:

Aidan Will Rachel
$0 $5,600 $30,800

Cumulative scores:

Aidan Will Rachel
$0 $31,600 $63,800
2nd runner-up: $15,000 1st runner-up: $31,600 Tournament champion: $75,000

Game dynamics:

Coryat scores:

Aidan Will Rachel
$9,400 $17,600 $21,000
14 R
(including 1 DD),
4 W
18 R,
0 W
26 R
(including 1 DD),
2 W
(including 1 DD)

Combined Coryat: $48,000

The J! Archive is created by fans, for fans. The Jeopardy! game show and all elements thereof, including but not limited to copyright and trademark thereto, are the property of Jeopardy Productions, Inc. and are protected under law. This website is not affiliated with, sponsored by, or operated by Jeopardy Productions, Inc. Join the discussion at JBoard.tv.